[Event "Campeonato España Sub 14"]
[Site "Salobreña"]
[Date "2017.07.20"]
[Round "6"]
[White "Guillo Longares, Cecilia"]
[Black "Buitron Ramil, David"]
[Result "1/2-1/2"]
[Board "13"]
[WhiteClock "1:30"]
[WhiteElo "1997"]
[WhiteCountry "ESP"]
[WhiteFideId "32082681"]
[WhiteEloChange "-5"]
[BlackClock "1:30"]
[BlackElo "1795"]
[BlackCountry "ESP"]
[BlackFideId "24519731"]
[BlackEloChange "5"]

1. d4 {[%clk 1:30:00]} Nf6 {[%clk 1:30:00]} 2. c4 {[%clk 1:31:00]} g6 {[%clk
1:31:00]} 3. Nf3 {[%clk 1:31:00]} Bg7 {[%clk 1:31:00]} 4. g3 {[%clk 1:32:00]} O-O
{[%clk 1:31:00]} 5. Bg2 {[%clk 1:32:00]} d6 {[%clk 1:31:00]} 6. O-O {[%clk
1:32:00]} Nbd7 {[%clk 1:30:00]} 7. Nc3 {[%clk 1:33:00]} c6 {[%clk 1:26:00]} 8. h3
{[%clk 1:32:00]} a6 {[%clk 1:26:00]} 9. a4 {[%clk 1:32:00]} a5 {[%clk 1:26:00]}
10. b3 {[%clk 1:28:00]} Nb8 {[%clk 1:25:00]} 11. Qc2 {[%clk 1:25:00]} Na6 {[%clk
1:26:00]} 12. Ba3 {[%clk 1:25:00]} Nb4 {[%clk 1:24:00]} 13. Qd2 {[%clk 1:23:00]}
Qb6 {[%clk 1:17:00]} 14. Rfd1 {[%clk 1:20:00]} Nd7 {[%clk 1:14:00]} 15. Rac1
{[%clk 1:18:00]} e5 {[%clk 0:54:00]} 16. dxe5 {[%clk 1:16:00]} dxe5 {[%clk
0:54:00]} 17. Na2 {[%clk 1:16:00]} Nxa2 {[%clk 0:53:00]} 18. Qxa2 {[%clk
1:16:00]} Re8 {[%clk 0:52:00]} 19. Nd2 {[%clk 1:07:00]} Nc5 {[%clk 0:45:00]} 20.
Bxc5 {[%clk 1:00:00]} Qxc5 {[%clk 0:44:00]} 21. Ne4 {[%clk 1:01:00]} Qb4 {[%clk
0:42:00]} 22. Rd2 {[%clk 0:51:00]} Be6 {[%clk 0:38:00]} 23. Rcd1 {[%clk 0:50:00]}
f5 {[%clk 0:35:00]} 24. Ng5 {[%clk 0:49:00]} Bh6 {[%clk 0:34:00]} 25. Nxe6 {[%clk
0:42:00]} Bxd2 {[%clk 0:30:00]} 26. Nc7 {[%clk 0:41:00]} Bg5 {[%clk 0:28:00]} 27.
Nxa8 {[%clk 0:39:00]} Rxa8 {[%clk 0:28:00]} 28. Qb1 {[%clk 0:37:00]} Rd8 {[%clk
0:23:00]} 29. Rd3 {[%clk 0:27:00]} Rd6 {[%clk 0:20:00]} 30. Qd1 {[%clk 0:25:00]}
Be7 {[%clk 0:20:00]} 31. Rxd6 {[%clk 0:23:00]} Qxd6 {[%clk 0:20:00]} 1/2-1/2

[Event "Campeonato España Sub 14"]
[Site "Salobreña"]
[Date "2017.07.20"]
[Round "6"]
[White "Ingunza Curro, Andres"]
[Black "Galvan Cipriani, Viviana"]
[Result "1-0"]
[Board "14"]
[WhiteClock "1:30"]
[WhiteElo "1992"]
[WhiteCountry "ESP"]
[WhiteFideId "24526371"]
[WhiteEloChange "5"]
[BlackClock "1:30"]
[BlackTitle "WFM"]
[BlackElo "1784"]
[BlackCountry "ESP"]
[BlackFideId "32041144"]
[BlackEloChange "-5"]

1. e4 {[%clk 1:30:00]} c5 {[%clk 1:28:00]} 2. Nf3 {[%clk 1:28:00]} Nc6 {[%clk
1:28:00]} 3. d4 {[%clk 1:29:00]} cxd4 {[%clk 1:28:00]} 4. Nxd4 {[%clk 1:29:00]}
Nf6 {[%clk 1:28:00]} 5. Nc3 {[%clk 1:29:00]} e5 {[%clk 1:27:00]} 6. Ndb5 {[%clk
1:29:00]} d6 {[%clk 1:27:00]} 7. Bg5 {[%clk 1:28:00]} a6 {[%clk 1:26:00]} 8. Na3
{[%clk 1:27:00]} b5 {[%clk 1:26:00]} 9. Nd5 {[%clk 1:27:00]} Be7 {[%clk 1:25:00]}
10. Bxf6 {[%clk 1:27:00]} Bxf6 {[%clk 1:25:00]} 11. c4 {[%clk 1:27:00]} b4 {[%clk
1:25:00]} 12. Nc2 {[%clk 1:27:00]} a5 {[%clk 1:25:00]} 13. g3 {[%clk 1:27:00]}
Bg5 {[%clk 1:20:00]} 14. Bg2 {[%clk 1:26:00]} O-O {[%clk 1:17:00]} 15. O-O {[%clk
1:23:00]} Ba6 {[%clk 1:13:00]} 16. b3 {[%clk 1:18:00]} Rc8 {[%clk 1:09:00]} 17.
Bh3 {[%clk 1:12:00]} Rb8 {[%clk 1:06:00]} 18. Qd3 {[%clk 1:10:00]} Bc8 {[%clk
1:03:00]} 19. Bg2 {[%clk 0:55:00]} Be6 {[%clk 1:01:00]} 20. f4 {[%clk 0:42:00]}
Be7 {[%clk 0:53:00]} 21. Rad1 {[%clk 0:29:00]} Bxd5 {[%clk 0:45:00]} 22. exd5
{[%clk 0:27:00]} Na7 {[%clk 0:45:00]} 23. Be4 {[%clk 0:25:00]} g6 {[%clk
0:44:00]} 24. f5 {[%clk 0:24:00]} Kg7 {[%clk 0:41:00]} 25. Ne3 {[%clk 0:23:00]}
Bg5 {[%clk 0:29:00]} 26. Ng4 {[%clk 0:23:00]} Qb6+ {[%clk 0:28:00]} 27. Kg2
{[%clk 0:23:00]} h5 {[%clk 0:29:00]} 28. f6+ {[%clk 0:22:00]} Kh7 {[%clk
0:29:00]} 29. h4 {[%clk 0:22:00]} Bh6 {[%clk 0:19:29]} 30. Nxh6 {[%clk 0:22:00]}
Kxh6 {[%clk 0:19:57]} 31. Qd2+ {[%clk 0:16:31]} Kh7 {[%clk 0:20:00]} 32. Qg5
{[%clk 0:16:55]} Rh8 {[%clk 0:20:00]} 33. g4 {[%clk 0:17:04]} Rb7 {[%clk
0:14:35]} 34. gxh5 {[%clk 0:15:38]} Kg8 {[%clk 0:14:33]} 35. Bxg6 {[%clk
0:11:59]} Kf8 {[%clk 0:06:11]} 36. Rf3 {[%clk 0:08:03]} Ke8 {[%clk 0:05:30]} 37.
Bf5 {[%clk 0:05:27]} Kd8 {[%clk 0:04:13]} 38. Qg7 {[%clk 0:04:48]} Re8 {[%clk
0:03:51]} 39. h6 {[%clk 0:03:29]} e4 {[%clk 0:03:49]} 40. Rg3 {[%clk 0:02:15]} e3
{[%clk 0:02:26]} 41. h7 {[%clk 0:01:48]} e2 {[%clk 0:00:42]} 42. h8Q {[%clk
0:01:23]} Rxh8 {[%clk 0:00:35]} 43. Qxh8+ {[%clk 0:01:49]} Kc7 {[%clk 0:01:02]}
44. Re1 {[%clk 0:01:35]} Rb8 {[%clk 0:00:41]} 45. Qh5 {[%clk 0:01:37]} Qd4 {[%clk
0:00:36]} 46. Qxe2 {[%clk 0:01:37]} 1-0

[Event "Campeonato España Sub 14"]
[Site "Salobreña"]
[Date "2017.07.20"]
[Round "6"]
[White "Rodriguez Ferreiros, Andres"]
[Black "Ros Alonso, Joana"]
[Result "0-1"]
[Board "15"]
[WhiteClock "1:30"]
[WhiteElo "1684"]
[WhiteCountry "ESP"]
[WhiteFideId "32066201"]
[WhiteEloChange "-3"]
[BlackClock "1:30"]
[BlackElo "1966"]
[BlackCountry "ESP"]
[BlackFideId "32013426"]
[BlackEloChange "3"]

1. e4 {[%clk 1:30:00]} e6 {[%clk 1:30:00]} 2. Nf3 {[%clk 1:30:00]} d5 {[%clk
1:31:00]} 3. e5 {[%clk 1:30:00]} c5 {[%clk 1:31:00]} 4. b4 {[%clk 1:29:00]} b6
{[%clk 1:31:00]} 5. bxc5 {[%clk 1:17:00]} bxc5 {[%clk 1:32:00]} 6. c3 {[%clk
1:15:00]} Nc6 {[%clk 1:24:00]} 7. d4 {[%clk 1:13:00]} Qa5 {[%clk 1:18:00]} 8. Bd2
{[%clk 1:10:00]} c4 {[%clk 1:12:00]} 9. Be2 {[%clk 1:03:00]} Rb8 {[%clk 1:11:00]}
10. O-O {[%clk 1:02:00]} Nge7 {[%clk 0:59:00]} 11. Ng5 {[%clk 0:52:00]} h6 {[%clk
0:55:00]} 12. Nh3 {[%clk 0:49:00]} Bd7 {[%clk 0:49:00]} 13. f4 {[%clk 0:44:00]}
g6 {[%clk 0:43:00]} 14. Nf2 {[%clk 0:40:00]} Qb6 {[%clk 0:29:00]} 15. Bc1 {[%clk
0:28:00]} Nf5 {[%clk 0:17:11]} 16. g4 {[%clk 0:23:00]} Nfxd4 {[%clk 0:10:09]} 17.
cxd4 {[%clk 0:20:00]} Nxd4 {[%clk 0:09:24]} 18. Nc3 {[%clk 0:19:57]} Bc5 {[%clk
0:05:34]} 19. Rb1 {[%clk 0:16:59]} Qc7 {[%clk 0:05:29]} 20. Rxb8+ {[%clk
0:16:12]} Qxb8 {[%clk 0:05:55]} 21. Be3 {[%clk 0:16:01]} Qb6 {[%clk 0:05:36]} 22.
Bxd4 {[%clk 0:14:14]} Bxd4 {[%clk 0:06:00]} 23. Na4 {[%clk 0:14:07]} Bxf2+ {[%clk
0:06:18]} 24. Rxf2 {[%clk 0:14:30]} Qb4 {[%clk 0:06:40]} 25. Nb2 {[%clk 0:11:38]}
Qxb2 {[%clk 0:06:17]} 26. Bxc4 {[%clk 0:12:06]} Qb6 {[%clk 0:05:32]} 27. Bd3
{[%clk 0:11:13]} Ke7 {[%clk 0:04:35]} 28. Qf1 {[%clk 0:09:13]} Bc6 {[%clk
0:03:47]} 29. Qh3 {[%clk 0:08:58]} Qd8 {[%clk 0:01:20]} 30. f5 {[%clk 0:07:40]}
gxf5 {[%clk 0:01:22]} 31. gxf5 {[%clk 0:07:51]} d4 {[%clk 0:00:51]} 32. Qh4+
{[%clk 0:07:04]} Ke8 {[%clk 0:00:55]} 33. Qxd8+ {[%clk 0:06:13]} Kxd8 {[%clk
0:01:21]} 34. fxe6 {[%clk 0:06:34]} fxe6 {[%clk 0:01:26]} 35. Rf4 {[%clk
0:06:46]} Rg8+ {[%clk 0:00:58]} 36. Kf1 {[%clk 0:07:05]} Bg2+ {[%clk 0:00:40]}
37. Ke1 {[%clk 0:07:03]} Bd5 {[%clk 0:00:54]} 38. Rxd4 {[%clk 0:05:45]} Rg1+
{[%clk 0:01:08]} 39. Bf1 {[%clk 0:06:08]} Rg5 {[%clk 0:01:30]} 40. Ra4 {[%clk
0:05:18]} Rxe5+ {[%clk 0:01:54]} 41. Kf2 {[%clk 0:05:33]} Rh5 {[%clk 0:02:00]}
42. Kg1 {[%clk 0:05:46]} Rg5+ {[%clk 0:02:23]} 43. Kf2 {[%clk 0:06:07]} Rg7
{[%clk 0:02:44]} 44. a3 {[%clk 0:06:13]} Rf7+ {[%clk 0:02:48]} 45. Kg1 {[%clk
0:06:32]} Kc8 {[%clk 0:02:24]} 46. Rh4 {[%clk 0:06:43]} Rf6 {[%clk 0:02:40]} 47.
Rg4 {[%clk 0:06:24]} Kb7 {[%clk 0:02:31]} 48. Bg2 {[%clk 0:06:15]} Kb6 {[%clk
0:02:04]} 49. Rb4+ {[%clk 0:05:22]} Kc5 {[%clk 0:02:02]} 50. Bxd5 {[%clk
0:04:31]} exd5 {[%clk 0:02:20]} 51. Rb8 {[%clk 0:04:38]} d4 {[%clk 0:02:23]} 52.
Rc8+ {[%clk 0:04:28]} Kd5 {[%clk 0:02:45]} 53. Rc7 {[%clk 0:03:58]} a6 {[%clk
0:02:45]} 54. Rd7+ {[%clk 0:04:22]} Kc4 {[%clk 0:03:09]} 55. Rc7+ {[%clk
0:04:25]} Kd3 {[%clk 0:03:19]} 56. Rd7 {[%clk 0:04:22]} Kc3 {[%clk 0:03:38]} 57.
Rc7+ {[%clk 0:04:44]} Kd2 {[%clk 0:04:00]} 58. Rd7 {[%clk 0:04:57]} d3 {[%clk
0:04:22]} 59. Rc7 {[%clk 0:04:56]} Kd1 {[%clk 0:04:27]} 60. Rd7 {[%clk 0:05:13]}
d2 {[%clk 0:04:43]} 61. Kg2 {[%clk 0:05:18]} Rf5 {[%clk 0:04:11]} 62. Kg3 {[%clk
0:05:34]} Kc2 {[%clk 0:03:58]} 63. Kg4 {[%clk 0:04:10]} Rg5+ {[%clk 0:03:58]} 0-1

[Event "Campeonato España Sub 14"]
[Site "Salobreña"]
[Date "2017.07.20"]
[Round "6"]
[White "Alvarez Albiol, Victor"]
[Black "Amengual Perello, Jordi"]
[Result "1/2-1/2"]
[Board "16"]
[WhiteClock "1:30"]
[WhiteElo "1921"]
[WhiteCountry "ESP"]
[WhiteFideId "32065930"]
[WhiteEloChange "-5"]
[BlackClock "1:30"]
[BlackElo "1727"]
[BlackCountry "ESP"]
[BlackFideId "24571920"]
[BlackEloChange "5"]

1. e4 {[%clk 1:30:00]} e5 {[%clk 1:30:00]} 2. Nf3 {[%clk 1:31:00]} Nf6 {[%clk
1:31:00]} 3. Nxe5 {[%clk 1:30:00]} d6 {[%clk 1:31:00]} 4. Nf3 {[%clk 1:31:00]}
Nxe4 {[%clk 1:32:00]} 5. d4 {[%clk 1:31:00]} d5 {[%clk 1:32:00]} 6. Bd3 {[%clk
1:30:00]} Bf5 {[%clk 1:32:00]} 7. O-O {[%clk 1:30:00]} Be7 {[%clk 1:33:00]} 8.
Re1 {[%clk 1:28:00]} O-O {[%clk 1:33:00]} 9. c4 {[%clk 1:25:00]} Nc6 {[%clk
1:33:00]} 10. cxd5 {[%clk 1:10:00]} Qxd5 {[%clk 1:32:00]} 11. Qe2 {[%clk
1:01:00]} Nd6 {[%clk 1:22:00]} 12. Nc3 {[%clk 1:00:00]} Qe6 {[%clk 1:11:00]} 13.
Bxf5 {[%clk 0:49:00]} Nxf5 {[%clk 1:06:00]} 14. Qb5 {[%clk 0:35:00]} Nfxd4 {[%clk
0:53:00]} 15. Rxe6 {[%clk 0:34:00]} Nxb5 {[%clk 0:53:00]} 16. Rxe7 {[%clk
0:34:00]} Nxc3 {[%clk 0:53:00]} 17. Rxc7 {[%clk 0:34:00]} Ne2+ {[%clk 0:53:00]}
18. Kf1 {[%clk 0:34:00]} Nxc1 {[%clk 0:54:00]} 19. Rxc1 {[%clk 0:34:00]} Rab8
{[%clk 0:51:00]} 20. Rd1 {[%clk 0:34:00]} Rfc8 {[%clk 0:50:00]} 21. Rdd7 {[%clk
0:33:00]} Rxc7 {[%clk 0:47:00]} 22. Rxc7 {[%clk 0:33:00]} h6 {[%clk 0:47:00]} 23.
a3 {[%clk 0:33:00]} Kf8 {[%clk 0:42:00]} 24. Nd2 {[%clk 0:33:00]} Nd8 {[%clk
0:41:00]} 25. Ne4 {[%clk 0:31:00]} Ne6 {[%clk 0:27:00]} 26. Rd7 {[%clk 0:31:00]}
a6 {[%clk 0:25:00]} 27. Nd6 {[%clk 0:31:00]} Rd8 {[%clk 0:25:00]} 28. Rxd8+
{[%clk 0:28:00]} Nxd8 {[%clk 0:25:00]} 29. Nf5 {[%clk 0:28:00]} h5 {[%clk
0:25:00]} 30. Ke2 {[%clk 0:28:00]} g6 {[%clk 0:25:00]} 31. Ne3 {[%clk 0:28:00]}
Ke7 {[%clk 0:25:00]} 32. Kd3 {[%clk 0:28:00]} Kd6 {[%clk 0:25:00]} 1/2-1/2

[Event "Campeonato España Sub 14"]
[Site "Salobreña"]
[Date "2017.07.20"]
[Round "6"]
[White "Jimenez Fernandez, Rebeca"]
[Black "Barragan Arriaza, Pablo"]
[Result "0-1"]
[Board "17"]
[WhiteClock "1:30"]
[WhiteElo "1676"]
[WhiteCountry "ESP"]
[WhiteFideId "32070934"]
[WhiteEloChange "-4"]
[BlackClock "1:30"]
[BlackElo "1916"]
[BlackCountry "ESP"]
[BlackFideId "32057130"]
[BlackEloChange "4"]

1. e4 {[%clk 1:30:00]} e5 {[%clk 1:30:00]} 2. Nf3 {[%clk 1:31:00]} Nc6 {[%clk
1:31:00]} 3. Bc4 {[%clk 1:31:00]} Bc5 {[%clk 1:31:00]} 4. O-O {[%clk 1:32:00]}
Nf6 {[%clk 1:31:00]} 5. d3 {[%clk 1:32:00]} d6 {[%clk 1:31:00]} 6. a4 {[%clk
1:33:00]} a6 {[%clk 1:31:00]} 7. c3 {[%clk 1:33:00]} Ba7 {[%clk 1:31:00]} 8. Na3
{[%clk 1:31:00]} O-O {[%clk 1:29:00]} 9. Re1 {[%clk 1:31:00]} Ng4 {[%clk
1:27:00]} 10. Re2 {[%clk 1:31:00]} Kh8 {[%clk 1:22:00]} 11. h3 {[%clk 1:31:00]}
Nh6 {[%clk 1:22:00]} 12. d4 {[%clk 1:26:00]} Qf6 {[%clk 1:12:00]} 13. Nc2 {[%clk
1:12:00]} Bxh3 {[%clk 1:02:00]} 14. Bg5 {[%clk 1:12:00]} Qg6 {[%clk 1:02:00]} 15.
gxh3 {[%clk 0:55:00]} f6 {[%clk 1:01:00]} 16. Kh2 {[%clk 0:47:00]} fxg5 {[%clk
1:01:00]} 17. Qd3 {[%clk 0:47:00]} Qf6 {[%clk 1:00:00]} 18. Nd2 {[%clk 0:38:00]}
exd4 {[%clk 0:56:00]} 19. Rg1 {[%clk 0:24:00]} Ne5 {[%clk 0:50:00]} 20. Qg3
{[%clk 0:24:00]} Nxc4 {[%clk 0:50:00]} 21. Nxc4 {[%clk 0:24:00]} dxc3 {[%clk
0:50:00]} 22. Qxc3 {[%clk 0:22:00]} Qf4+ {[%clk 0:48:00]} 23. Kg2 {[%clk
0:21:00]} g4 {[%clk 0:40:00]} 24. hxg4 {[%clk 0:19:03]} Nxg4 {[%clk 0:39:00]} 25.
Kf1 {[%clk 0:18:18]} Bxf2 {[%clk 0:39:00]} 26. Rxg4 {[%clk 0:17:25]} Qxg4 {[%clk
0:40:00]} 27. Rxf2 {[%clk 0:17:48]} Rxf2+ {[%clk 0:40:00]} 28. Kxf2 {[%clk
0:18:13]} Rf8+ {[%clk 0:40:00]} 29. Ke1 {[%clk 0:18:03]} Qg1+ {[%clk 0:36:00]}
30. Ke2 {[%clk 0:17:38]} Rf2+ {[%clk 0:36:00]} 31. Kd3 {[%clk 0:15:37]} Qd1+
{[%clk 0:37:00]} 32. Nd2 {[%clk 0:15:29]} Qe2+ {[%clk 0:37:00]} 33. Kd4 {[%clk
0:15:03]} Qxd2+ {[%clk 0:37:00]} 0-1

[Event "Campeonato España Sub 14"]
[Site "Salobreña"]
[Date "2017.07.20"]
[Round "6"]
[White "Escartin Lacasa, Jose"]
[Black "Alcon Llosada, Alex"]
[Result "1-0"]
[Board "18"]
[WhiteClock "1:30"]
[WhiteElo "1906"]
[WhiteCountry "ESP"]
[WhiteFideId "32080042"]
[WhiteEloChange "3"]
[BlackClock "1:30"]
[BlackElo "1604"]
[BlackCountry "AND"]
[BlackFideId "6900780"]
[BlackEloChange "-3"]

1. d4 {[%clk 1:30:00]} c6 {[%clk 1:30:00]} 2. Nf3 {[%clk 1:30:00]} d5 {[%clk
1:29:00]} 3. Bf4 {[%clk 1:30:00]} Nf6 {[%clk 1:22:00]} 4. e3 {[%clk 1:30:00]} Bf5
{[%clk 1:19:00]} 5. c4 {[%clk 1:29:00]} e6 {[%clk 1:17:00]} 6. Qb3 {[%clk
1:29:00]} Qb6 {[%clk 1:12:00]} 7. c5 {[%clk 1:29:00]} Qxb3 {[%clk 1:08:00]} 8.
axb3 {[%clk 1:29:00]} Nbd7 {[%clk 0:58:00]} 9. Nc3 {[%clk 1:28:00]} Be7 {[%clk
0:55:00]} 10. h3 {[%clk 1:26:00]} O-O {[%clk 0:55:00]} 11. b4 {[%clk 1:26:00]} a6
{[%clk 0:37:00]} 12. Be2 {[%clk 1:23:00]} b6 {[%clk 0:33:00]} 13. O-O {[%clk
1:18:00]} a5 {[%clk 0:29:00]} 14. b5 {[%clk 1:11:00]} cxb5 {[%clk 0:27:00]} 15.
c6 {[%clk 1:11:00]} b4 {[%clk 0:24:00]} 16. Na4 {[%clk 1:12:00]} Nb8 {[%clk
0:15:54]} 17. Rfc1 {[%clk 1:08:00]} e5 {[%clk 0:01:16]} 18. dxe5 {[%clk 1:05:00]}
Ne4 {[%clk 0:01:29]} 19. Nxb6 {[%clk 1:05:00]} Ra7 {[%clk 0:01:45]} 20. c7 {[%clk
1:04:00]} Na6 {[%clk 0:01:15]} 21. c8Q {[%clk 1:04:00]} Bxc8 {[%clk 0:01:28]} 22.
Rxc8 {[%clk 1:04:00]} Rxc8 {[%clk 0:01:37]} 23. Nxc8 {[%clk 1:05:00]} Rc7 {[%clk
0:01:54]} 24. Nxe7+ {[%clk 1:05:00]} Rxe7 {[%clk 0:01:52]} 25. Bxa6 {[%clk
1:05:00]} 1-0

[Event "Campeonato España Sub 14"]
[Site "Salobreña"]
[Date "2017.07.20"]
[Round "6"]
[White "Cisneros Serra, Javier"]
[Black "Povill Claros, Laura"]
[Result "0-1"]
[Board "19"]
[WhiteClock "1:30"]
[WhiteElo "1651"]
[WhiteCountry "ESP"]
[WhiteFideId "32066040"]
[WhiteEloChange "-5"]
[BlackClock "1:30"]
[BlackElo "1831"]
[BlackCountry "ESP"]
[BlackFideId "32065957"]
[BlackEloChange "5"]

1. e4 {[%clk 1:30:00]} c5 {[%clk 1:30:00]} 2. c3 {[%clk 1:30:00]} Nf6 {[%clk
1:31:00]} 3. e5 {[%clk 1:30:00]} Nd5 {[%clk 1:31:00]} 4. d4 {[%clk 1:30:00]} cxd4
{[%clk 1:31:00]} 5. Nf3 {[%clk 1:30:00]} Nc6 {[%clk 1:31:00]} 6. cxd4 {[%clk
1:31:00]} e6 {[%clk 1:32:00]} 7. Be2 {[%clk 1:23:00]} d6 {[%clk 1:31:00]} 8. O-O
{[%clk 1:20:00]} Be7 {[%clk 1:31:00]} 9. Nc3 {[%clk 1:17:00]} Nxc3 {[%clk
1:30:00]} 10. bxc3 {[%clk 1:17:00]} dxe5 {[%clk 1:29:00]} 11. Nxe5 {[%clk
1:16:00]} Nxe5 {[%clk 1:25:00]} 12. dxe5 {[%clk 1:16:00]} O-O {[%clk 1:24:00]}
13. Be3 {[%clk 1:10:00]} Qc7 {[%clk 1:21:00]} 14. Bd4 {[%clk 1:07:00]} Bd7 {[%clk
1:21:00]} 15. Bf3 {[%clk 1:02:00]} Bc6 {[%clk 1:17:00]} 16. Bxc6 {[%clk 0:59:00]}
Qxc6 {[%clk 1:17:00]} 17. Qb3 {[%clk 0:58:00]} b6 {[%clk 1:15:00]} 18. Rfd1
{[%clk 0:56:00]} Rfd8 {[%clk 1:11:00]} 19. Rd3 {[%clk 0:52:00]} Rd7 {[%clk
1:04:00]} 20. Rad1 {[%clk 0:46:00]} Rad8 {[%clk 1:02:00]} 21. a4 {[%clk 0:43:00]}
Bc5 {[%clk 0:56:00]} 22. Qb5 {[%clk 0:39:00]} Qe4 {[%clk 0:46:00]} 23. f3 {[%clk
0:27:00]} Qe2 {[%clk 0:38:00]} 24. R3d2 {[%clk 0:24:00]} Bxd4+ {[%clk 0:38:00]}
25. Rxd4 {[%clk 0:25:00]} Rxd4 {[%clk 0:35:00]} 26. Rxd4 {[%clk 0:25:00]} Qe1+
{[%clk 0:34:00]} 27. Qf1 {[%clk 0:25:00]} Qxf1+ {[%clk 0:30:00]} 28. Kxf1 {[%clk
0:26:00]} Rxd4 {[%clk 0:29:00]} 29. cxd4 {[%clk 0:26:00]} Kf8 {[%clk 0:29:00]}
30. Ke2 {[%clk 0:26:00]} Ke7 {[%clk 0:30:00]} 31. Kd3 {[%clk 0:23:00]} Kd7 {[%clk
0:28:00]} 32. g3 {[%clk 0:22:00]} Kc6 {[%clk 0:28:00]} 33. Kc4 {[%clk 0:22:00]}
a6 {[%clk 0:27:00]} 34. f4 {[%clk 0:22:00]} b5+ {[%clk 0:18:29]} 35. axb5+ {[%clk
0:22:00]} axb5+ {[%clk 0:18:51]} 36. Kb4 {[%clk 0:23:00]} g5 {[%clk 0:17:09]} 37.
h4 {[%clk 0:18:50]} gxf4 {[%clk 0:14:34]} 38. gxf4 {[%clk 0:19:14]} h5 {[%clk
0:14:38]} 39. Ka5 {[%clk 0:19:10]} Kd5 {[%clk 0:14:57]} 40. Kxb5 {[%clk 0:19:32]}
Kxd4 {[%clk 0:15:16]} 41. Kc6 {[%clk 0:19:44]} Ke4 {[%clk 0:15:22]} 42. Kd6
{[%clk 0:19:39]} Kxf4 {[%clk 0:15:42]} 43. Ke7 {[%clk 0:19:51]} Kxe5 {[%clk
0:15:51]} 44. Kxf7 {[%clk 0:20:00]} Kf5 {[%clk 0:16:02]} 45. Ke7 {[%clk 0:20:00]}
e5 {[%clk 0:16:02]} 0-1

[Event "Campeonato España Sub 14"]
[Site "Salobreña"]
[Date "2017.07.20"]
[Round "6"]
[White "Lopez Azorin, Alejandro"]
[Black "Perez Perez, Gabriel"]
[Result "0-1"]
[Board "21"]
[WhiteClock "n/a"]
[WhiteElo "1607"]
[WhiteCountry "ESP"]
[WhiteFideId "24536512"]
[WhiteEloChange "-2"]
[BlackClock "n/a"]
[BlackElo "2000"]
[BlackCountry "ESP"]
[BlackFideId "32089147"]
[BlackEloChange "2"]

1. d4 {[%clk 1:30:30]} Nf6 {[%clk 1:30:30]} 2. c4 {[%clk 1:30:30]} g6 {[%clk
1:30:30]} 3. Nc3 {[%clk 1:30:30]} Bg7 {[%clk 1:30:30]} 4. e4 {[%clk 1:30:30]} d6
{[%clk 1:30:30]} 5. Nf3 {[%clk 1:30:30]} O-O {[%clk 1:30:30]} 6. Be2 {[%clk
1:30:30]} Na6 {[%clk 1:30:30]} 7. Bg5 {[%clk 1:30:30]} e5 {[%clk 1:30:30]} 8.
dxe5 {[%clk 1:30:30]} dxe5 {[%clk 1:30:30]} 9. Qxd8 {[%clk 1:30:30]} Rxd8 {[%clk
1:30:30]} 10. Nd5 {[%clk 1:30:30]} Rd6 {[%clk 1:30:30]} 11. Bxf6 {[%clk 1:30:30]}
Bxf6 {[%clk 1:30:30]} 12. O-O-O {[%clk 1:30:30]} Bg4 {[%clk 1:30:30]} 13. h3
{[%clk 1:30:30]} Bxf3 {[%clk 1:30:30]} 14. Bxf3 {[%clk 1:30:30]} Bg5+ {[%clk
1:30:30]} 15. Kb1 {[%clk 1:30:30]} Re8 {[%clk 1:30:30]} 16. h4 {[%clk 1:30:30]}
Bd8 {[%clk 1:30:30]} 17. b4 {[%clk 1:30:30]} c6 {[%clk 1:30:30]} 18. b5 {[%clk
1:30:30]} Nc5 {[%clk 1:30:30]} 19. Nb4 {[%clk 1:30:30]} Rxd1+ {[%clk 1:30:30]}
20. Rxd1 {[%clk 1:30:30]} cxb5 {[%clk 1:30:30]} 21. cxb5 {[%clk 1:30:30]} Bxh4
{[%clk 1:30:30]} 22. g3 {[%clk 1:30:30]} Bg5 {[%clk 1:30:30]} 23. Rd5 {[%clk
1:30:30]} Na4 {[%clk 1:30:30]} 24. Rd7 {[%clk 1:30:30]} Rc8 {[%clk 1:30:30]} 25.
a3 {[%clk 1:30:30]} Rc3 {[%clk 1:30:30]} 26. Nd3 {[%clk 1:30:30]} Rxa3 {[%clk
1:30:30]} 27. Nxe5 {[%clk 1:30:30]} Bf6 {[%clk 1:30:30]} 28. Nd3 {[%clk 1:30:30]}
Nb6 {[%clk 1:30:30]} 29. Rd6 {[%clk 1:30:30]} Be7 {[%clk 1:30:30]} 30. Rd4 {[%clk
1:30:30]} Rb3+ {[%clk 1:30:30]} 31. Kc2 {[%clk 1:30:30]} Rxb5 {[%clk 1:30:30]}
32. e5 {[%clk 1:30:30]} Ra5 {[%clk 1:30:30]} 33. Bxb7 {[%clk 1:30:30]} Ra2+
{[%clk 1:30:30]} 34. Kb1 {[%clk 1:30:30]} Re2 {[%clk 1:30:30]} 35. Bf3 {[%clk
1:30:30]} Rd2 {[%clk 1:30:30]} 36. Kc1 {[%clk 1:30:30]} Ra2 {[%clk 1:30:30]} 37.
Kb1 {[%clk 1:30:30]} Ra5 {[%clk 1:30:30]} 38. Kc2 {[%clk 1:30:30]} Kg7 {[%clk
1:30:30]} 39. Kb2 {[%clk 1:30:30]} h5 {[%clk 1:30:30]} 40. Bg2 {[%clk 1:30:30]}
Kf8 {[%clk 1:30:30]} 41. Bf3 {[%clk 1:30:30]} Bc5 {[%clk 1:30:30]} 42. Rf4 {[%clk
1:30:30]} Ke7 {[%clk 1:30:30]} 43. Bg2 {[%clk 1:30:30]} Nd7 {[%clk 1:30:30]} 44.
Bh3 {[%clk 1:30:30]} Nf8 {[%clk 1:30:30]} 45. Rf6 {[%clk 1:30:30]} Bd4+ {[%clk
1:30:30]} 46. Kb3 {[%clk 1:30:30]} Bxe5 {[%clk 1:30:30]} 47. Rc6 {[%clk 1:30:30]}
Bd6 {[%clk 1:30:30]} 48. Nb2 {[%clk 1:30:30]} Rb5+ {[%clk 1:30:30]} 49. Ka2
{[%clk 1:30:30]} Rb6 {[%clk 1:30:30]} 50. Rc4 {[%clk 1:30:30]} Ne6 {[%clk
1:30:30]} 51. Re4 {[%clk 1:30:30]} f5 {[%clk 1:30:30]} 52. Ra4 {[%clk 1:30:30]}
a6 {[%clk 1:30:30]} 53. Nc4 {[%clk 1:30:30]} Rb4 {[%clk 1:30:30]} 54. Rxb4 {[%clk
1:30:30]} Bxb4 {[%clk 1:30:30]} 55. Ne5 {[%clk 1:30:30]} Kf6 {[%clk 1:30:30]} 56.
Nd7+ {[%clk 1:30:30]} Kg7 {[%clk 1:30:30]} 57. f3 {[%clk 1:30:30]} Be1 {[%clk
1:30:30]} 58. g4 {[%clk 1:30:30]} Nf4 {[%clk 1:30:30]} 59. Bf1 {[%clk 1:30:30]}
fxg4 {[%clk 1:30:30]} 60. fxg4 {[%clk 1:30:30]} hxg4 {[%clk 1:30:30]} 61. Nc5
{[%clk 1:30:30]} a5 {[%clk 1:30:30]} 62. Nd3 {[%clk 1:30:30]} Nxd3 {[%clk
1:30:30]} 63. Bxd3 {[%clk 1:30:30]} Kf6 {[%clk 1:30:30]} 64. Kb3 {[%clk 1:30:30]}
Ke5 {[%clk 1:30:30]} 65. Kc2 {[%clk 1:30:30]} Kd4 {[%clk 1:30:30]} 66. Bb5 {[%clk
1:30:30]} Ke3 {[%clk 1:30:30]} 67. Kd1 {[%clk 1:30:30]} Bb4 {[%clk 1:30:30]} 0-1